KPOP GROUP start with letter "I" (2026update) - Statistics

General Stats
  • This quiz has been taken 114 times
    11 since last reset
  • The average score is 7 of 16
Answer Stats
Answer % Correct
F ITZY
82%
F IVE
73%
F ILLIT
64%
F I.O.I
64%
F IZ*ONE
64%
M iKON
55%
F izna
55%
F i-dle
45%
M idntt
45%
M INFINITE
36%
M IDID
27%
F ifeye
27%
F I.B.I
18%
F ICHILLIN’
18%
F ILY:1
18%
M IMFACT
9%
No matching quizzes found
Score Distribution
Percent of People with Each Score
Percentile by Number Answered
Your Score History
You have not taken this quiz since the last reset